书目信息 |
| 题名: |
自由之声
|
|
| 作者: | 李克勤 注释 | |
| 分册: | ||
| 出版信息: | 北京 外语教学与研究出版社 1984.04 |
|
| 页数: | 131页 | |
| 开本: | 32开 | |
| 丛书名: | ||
| 单 册: | ||
| 中图分类: | H319.4 | |
| 科图分类: | ||
| 主题词: | 英语 | |
| 电子资源: | ||
| ISBN: | ||
| 000 | 00512nam0 2200193 45 | |
| 001 | 0006131576 | |
| 005 | 20000613154302.7 | |
| 010 | @d0.49元 | |
| 100 | @a20000613d1984 km y0chiy0120 ea | |
| 101 | 0 | @achi |
| 105 | @a z 000yy | |
| 200 | 1 | @a自由之声@AZi You Zhi Sheng@f李克勤注释@FLi Ke Qin Zhu Shi |
| 210 | @a北京@c外语教学与研究出版社@d1984.04 | |
| 215 | @a131页@d32开 | |
| 606 | 0 | @a英语 |
| 690 | @aH319.4@v3 | |
| 701 | 0 | @a李克勤@4注释 |
| 801 | @aCN@bPftUser@c20000613 | |
| 905 | @b201949@dH319.4@eL890@f1 | |
| 自由之声/李克勤注释.-北京:外语教学与研究出版社,1984.04 |
| 131页;32开 |
| ISBN :0.49元 |
| ● |
| 相关链接 |
|
|
|
正题名:自由之声
索取号:H319.4/L890
 
预约/预借
| 序号 | 登录号 | 条形码 | 馆藏地/架位号 | 状态 | 备注 |
| 1 | 201949 | 202019494 | 语言库209/209语言库 54排4列2层/ [索取号:H319.4/L890] | 在馆 |